000 00331nam a22001457a 4500
008 210603b ||||| |||| 00| 0 eng d
020 _a031404230X
041 _aeng
080 _a330.101.541
082 _a330.101.541
100 _a52
101 _aMAK
245 _aPrinciples of Macroeconomics
_cBrown,W.S
942 _2udc
_cBK
999 _c57936
_d57936